LEADER 04341nam 22007575 450 001 9910483926103321 005 20251226195132.0 010 $a3-319-20804-7 024 7 $a10.1007/978-3-319-20804-6 035 $a(CKB)3710000000454158 035 $a(SSID)ssj0001558499 035 $a(PQKBManifestationID)16183826 035 $a(PQKBTitleCode)TC0001558499 035 $a(PQKBWorkID)14819157 035 $a(PQKB)10397923 035 $a(DE-He213)978-3-319-20804-6 035 $a(MiAaPQ)EBC6295805 035 $a(MiAaPQ)EBC5588075 035 $a(Au-PeEL)EBL5588075 035 $a(OCoLC)1066193080 035 $a(PPN)187688516 035 $a(EXLCZ)993710000000454158 100 $a20150721d2015 u| 0 101 0 $aeng 135 $aurnn#008mamaa 181 $ctxt 182 $cc 183 $acr 200 10$aDistributed, Ambient, and Pervasive Interactions $eThird International Conference, DAPI 2015, Held as Part of HCI International 2015, Los Angeles, CA, USA, August 2-7, 2015, Proceedings /$fedited by Norbert Streitz, Panos Markopoulos 205 $a1st ed. 2015. 210 1$aCham :$cSpringer International Publishing :$cImprint: Springer,$d2015. 215 $a1 online resource (XVIII, 702 p. 274 illus.) 225 1 $aInformation Systems and Applications, incl. Internet/Web, and HCI,$x2946-1642 ;$v9189 300 $aBibliographic Level Mode of Issuance: Monograph 311 08$a3-319-20803-9 327 $aDesigning and developing intelligent environments -- Natural interaction -- Design and development of distributed, ambient and pervasive interactions -- Smart devices, objects and materials -- Location, motion and activity recognition -- Smart cities and communities.- Humor in ambient intelligence. 330 $aThis book constitutes the refereed proceedings of the Third International Conference on Distributed, Ambient, and Pervasive Interactions, DAPI 2015, held as part of the 17th International Conference on Human-Computer Interaction, HCII 2015, held in Los Angeles, CA, USA, in August 2015, jointly with 15 other thematically conferences. The total of 1462 papers and 246 posters presented at the HCII 2015 conferences were carefully reviewed and selected from 4843 submissions. These papers address the latest research and development efforts and highlight the human aspects of design and use of computing systems. The papers accepted for presentation thoroughly cover the entire field of human-computer interaction, addressing major advances in knowledge and effective use of computers in a variety of application areas. This volume contains papers addressing the following major topics: designing and developing intelligent environments; natural interaction; design and development of distributed, ambient and pervasive interactions; smart devices, objects and materials; location, motion and activity recognition; smart cities and communities; and humor in ambient intelligence. 410 0$aInformation Systems and Applications, incl. Internet/Web, and HCI,$x2946-1642 ;$v9189 606 $aUser interfaces (Computer systems) 606 $aHuman-computer interaction 606 $aComputers and civilization 606 $aApplication software 606 $aInformation storage and retrieval systems 606 $aUser Interfaces and Human Computer Interaction 606 $aComputers and Society 606 $aComputer and Information Systems Applications 606 $aInformation Storage and Retrieval 615 0$aUser interfaces (Computer systems) 615 0$aHuman-computer interaction. 615 0$aComputers and civilization. 615 0$aApplication software. 615 0$aInformation storage and retrieval systems. 615 14$aUser Interfaces and Human Computer Interaction. 615 24$aComputers and Society. 615 24$aComputer and Information Systems Applications. 615 24$aInformation Storage and Retrieval. 676 $a004 702 $aStreitz$b Norbert$4edt$4http://id.loc.gov/vocabulary/relators/edt 702 $aMarkopoulos$b Panos$4edt$4http://id.loc.gov/vocabulary/relators/edt 801 0$bMiAaPQ 801 1$bMiAaPQ 801 2$bMiAaPQ 906 $aBOOK 912 $a9910483926103321 996 $aDistributed, Ambient and Pervasive Interactions$91922166 997 $aUNINA